000 00942nam a22003017a 4500
001 8105
003 FISKH
005 20250825091344.0
008 250825b cb ||||| |||| 00| 0 eng d
020 _a9780545055802
040 _aFISKH
_beng
_cFISKH
_dFISKH
050 _aPZ7.Y3655 D
082 _a558
100 _aYee, Herbert Wong
245 _aDid you see Chip? /
_cBy Wong Herbert Yee ; Illustrated by Laura Ovresat
250 _aThis edition first published in 2007
260 _aOrlando :
_bScholastic,
_c2003
300 _a18 unnumbered pages :
_bcolor illustrations ;
_c22 cm
504 _aE
520 _aAfter moving to the city, Kim makes some new friends while looking for her lost dog, Chip.
521 8 _a160
_bLexile
521 8 _aE
_bRaz-Plus
650 _2Lost dog
_aLost pet
650 _2Moving to a new home
_aPuppy
700 _aOvresat, Laura
_dillustrator
942 _2ddc
_cBK
_n0
999 _c8105
_d8105